Informe final (Record no. 99734)
[ view plain ]
| 000 -CABECERA | |
|---|---|
| campo de control de longitud fija | 00686nam a2200205 a 4500 |
| 005 - FECHA Y HORA DE LA ÚLTIMA TRANSACCIÓN | |
| campo de control | 20240924065844.0 |
| 008 - ELEMENTOS DE LONGITUD FIJA--INFORMACIÓN GENERAL | |
| campo de control de longitud fija | 030806s1969 mx r 000 0 spa d |
| 035 ## - NÚMERO DE CONTROL DEL SISTEMA | |
| Número de control de sistema | UPN01000127555 |
| 049 ## - COLECCIÓN | |
| Colección | CG |
| 050 #4 - SIGNATURA TOPOGRÁFICA DE LA BIBLIOTECA DEL CONGRESO | |
| Número de clasificación | T62 |
| Número de documento/Ítem | R4.5 1969 |
| 111 2# - ASIENTO PRINCIPAL--NOMBRE DE REUNION | |
| Nombre de congreso/reunión o jurisdicción como elemento de entrada | Reunión sobre Educación Técnica y Formación Profesional (1969 : Buenos Aires) |
| 245 #0 - MENCIÓN DE TÍTULO | |
| Título | Informe final |
| 260 ## - PUBLICACIÓN, DISTRIBUCIÓN, ETC. | |
| Lugar de publicación, distribución, etc. | Washington : |
| Nombre del editor, distribuidor, etc. | Unión Panamericana, Consejo Interamericano Cultural, |
| Fecha de publicación, distribución, etc. | 1969. |
| 300 ## - DESCRIPCIÓN FÍSICA | |
| Extensión | ii, 121 p. : |
| Otras características físicas | il |
| 440 #0 - MENCIÓN DE SERIE/ASIENTO SECUNDARIO--TÍTULO | |
| Título | Serie A : |
| Designación de volumen o secuencia | 1 |
| 500 ## - NOTA GENERAL | |
| Nota general | "Programa regional de desarrollo educativo" |
| 650 #4 - ASIENTO SECUNDARIO DE MATERIA - TERMINO TEMATICO | |
| Término de materia o nombre geográfico como elemento de entrada | Maestros |
| Subdivisión general | Formación profesional |
| Subdivisión geográfica | México |
| 9 (RLIN) | 796 |
| 650 #4 - ASIENTO SECUNDARIO DE MATERIA - TERMINO TEMATICO | |
| Término de materia o nombre geográfico como elemento de entrada | Enseñanza técnica |
| 9 (RLIN) | 9074 |
| 905 ## - TIPO DE MATERIAL | |
| Tipo de material | Libro |
| Estado de retiro | Estado de pérdida | Fuente del sistema de clasificación o colocación | Estado dañado | No para préstamo | Código de colección | Localización permanente | Ubicación/localización actual | Ubicación en estantería | Total de préstamos | Clasificación | Código de barras | Fecha visto por última vez | Número de copia | Tipo de ítem Koha |
|---|---|---|---|---|---|---|---|---|---|---|---|---|---|---|
| Library of Congress Classification | Colección General | Bib. Gregorio Torres Quintero | Bib. Gregorio Torres Quintero | Planta baja | T62 R4.5 1969 | 48977 | 31/12/2020 | 1 | Libro | |||||
| Library of Congress Classification | Colección General | Bib. Gregorio Torres Quintero | Bib. Gregorio Torres Quintero | Planta baja | T62 R4.5 1969 | 41242 | 31/12/2020 | 1 | Libro |
